| 000 | 00382nam a22001571c 4500 | ||
|---|---|---|---|
| 001 | a987683720 | ||
| 008 | 051003s1985 gw |||| 000u eng d | ||
| 041 | _aeng | ||
| 100 | 1 | _aZiemke, Earl F. | |
| 245 | 0 | 0 |
_aMoscow to Stalingrad : _bDecision in the East |
| 264 |
_aNew York, _c1985 |
||
| 942 | _cMG | ||
| 040 | _cRU-10907106 | ||
| 003 | RU-10907106 | ||
| 999 |
_c282 _d282 |
||
| 490 | 0 | _aArmy historical series | |